书目信息 |
| 题名: |
数学智力训练
|
|
| 作者: | 周策 , 杨家珍 主编 | |
| 分册: | ||
| 出版信息: | 合肥 安徽大学出版社 1997 |
|
| 页数: | 175页 | |
| 开本: | 19cm | |
| 丛书名: | 学生心理素质结构优化指导丛书 | |
| 单 册: | ||
| 中图分类: | G447 , G623.5 | |
| 科图分类: | ||
| 主题词: | 数学--智力--训练--小学 , 学科心理学--数学--小学 | |
| 电子资源: | ||
| ISBN: | 7-81052-104-7 | |
| 000 | 00794oam2 2200265 450 | |
| 001 | 1556364933 | |
| 005 | 20150125153833.35 | |
| 010 | @a7-81052-104-7@dCNY8.50 | |
| 100 | @a20111031d1997 em y0chiy0121 ea | |
| 101 | 0 | @achi |
| 102 | @aCN@b340000 | |
| 105 | @af z 000yy | |
| 200 | 10 | @a数学智力训练@9shuo xue zhi li xun lian@e小学生中年级@f周策,杨家珍主编 |
| 210 | @a合肥@c安徽大学出版社@d1997 | |
| 215 | @a175页@c图@d19cm | |
| 225 | 2 | @a学生心理素质结构优化指导丛书@f张履祥,谢雍道主编 |
| 461 | 0 | @12001 @a学生心理素质结构优化指导丛书 |
| 606 | @a数学@x智力@x训练@x小学 | |
| 606 | @a学科心理学@x数学@x小学 | |
| 690 | @aG447 | |
| 690 | @aG623.5 | |
| 701 | 0 | @a周策@9zhou ce@4主编 |
| 701 | 0 | @a杨家珍@9yang jia zhen@4主编 |
| 801 | 0 | @aCN@bTSSF@c20150125 |
| 905 | @aZUCC@dG447@eJY3 | |
| 数学智力训练:小学生中年级/周策,杨家珍主编.-合肥:安徽大学出版社,1997 |
| 175页:图;19cm.-(学生心理素质结构优化指导丛书/张履祥,谢雍道主编) |
| ISBN 7-81052-104-7:CNY8.50 |
| ● |
| 相关链接 |
|
|
|
|
正题名:数学智力训练
索取号:G447/JY3
 
预约/预借
| 序号 | 登录号 | 条形码 | 馆藏地/架位号 | 状态 | 备注 |
| 1 | 7844653 | 278446530 | 学院路分馆/ [索取号:G447/JY3] | 在馆 | |
| 2 | 7858731 | 278587316 | 学院路分馆/ [索取号:G447/JY3] | 在馆 |